Základy epidemiológie vysokoškolské učebné texty

Bibliographic Details
Main Author: Egnerová, Anna, 1938- (Author)
Format: Book
Language:Slovak
PhysicalDescription:154 strán grafy, schémy, tabuľky 21 cm
Published: Trnava Trnavská univerzita 2004
ISBN:8089104517
Edition:1. vyd.
Subjects:

MARC

LEADER 00000cam a2200000 a 4500
001 vtls001490166
003 SK-MaSNL
005 20260302062154.0
008 220509s2004 xo dl frnp 000 0 slo
015 |a SNBA2005/05-01620 
020 |a 8089104517  |q (brožované) 
035 |a urn:nbn:sk:snk-am00gh6a 
035 |a urn:nbn:sk:snk-am3j3tu 
035 |a AFF5B706-5912-48DF-9E21-3453F36B9862 
040 |a SNK  |b slo  |c SNK  |e AACR2 
041 0 |a slo 
044 |a xo  |c SK 
072 7 |a 616  |x Patológia. Klinická medicína  |2 konspekt 
072 7 |a 37.016  |x Učebné osnovy. Vyučovacie predmety. Učebnice  |2 konspekt 
080 |a 616-084  |2 1997 
080 |a (075.8)  |2 1997 
080 |a 616-036.22  |2 1997 
080 |a 616-036.22  |2 2011 
080 |a 616-084  |2 2011 
080 |a (075.8)  |2 2011 
100 1 |a Egnerová, Anna,  |d 1938-  |4 aut  |9 6937 
245 1 0 |a Základy epidemiológie  |b vysokoškolské učebné texty  |c Anna Egnerová a kolektív 
250 |a 1. vyd. 
260 |a Trnava  |b Trnavská univerzita  |c 2004 
300 |a 154 strán  |b grafy, schémy, tabuľky  |c 21 cm 
504 |a Bibliografia na strane 152-154 
650 0 7 |a epidemiológia  |2 SNKPH  |9 836 
650 0 7 |a prevencia ochorení  |2 SNKPH  |9 69501 
655 7 |a učebnice vysokých škôl  |2 SNKPH  |9 70191 
919 |a 80-89104-51-7 
958 |a TL 
958 |a NB 
958 |a UV 
958 |a MI 
958 |a OND 
999 |c 1128213  |d 1130143 
952 |a SNK  |b SNK  |y PREZ  |7 0  |p 17A0457015  |o snkSC 118670  |i snk2005/997  |8 0  |0 0  |1 0  |4 0  |d 2005-01-24  |f 1  |l 0  |r 2025-05-27 00:00:00  |w 2026-02-24 
952 |a SNK  |b SNK  |y VYP  |7 0  |p 17A0457016  |o snkSC 118670 D1  |i snk2005/998  |8 0  |0 0  |1 0  |4 0  |d 2005-01-24  |l 0  |r 2026-02-24 18:52:49  |w 2026-02-24